| 000 | 00662nam a22002537a 4500 | ||
|---|---|---|---|
| 003 | UA-OsUOA | ||
| 001 | 29583 | ||
| 007 | ta | ||
| 008 | 20041013b un ||||| |||| 00| 0 ukr d | ||
| 100 | _aІльєнко Іван | ||
| 090 |
_a82.09(477) _bІ45 |
||
| 942 | _cBK | ||
| 040 |
_aUA-OsUOA _bukr _cUA-OsUOA _dUA-OsUOA |
||
| 245 |
_aЖага: труди і дні Максима Рильського _bДокументальний життєпис |
||
| 300 | _a413 с. | ||
| 955 | _a0 | ||
| 041 | _aukr | ||
| 080 | _a82.09(477) | ||
| 020 | _a5-308-01624-0 | ||
| 260 |
_aКиїв _bДніпро _c1995 |
||
| 044 | _aUA | ||
| 650 | 7 | _2UDC | |
| 999 |
_c315975 _d315975 |
||